Ecological Architecture : A Critical History /
Estudio crítico sobre el desarrollo histórico del enfoque ecológico o ambiental en la arquitectura del siglo XX, cuyo autor pasa revista a los temas recurrentes, 25 casos de autores y/o movimientos representativos y al futuro de la llamada arquitectura ecológica. El encuentro entre la arquitectura d...
Збережено в:
| Автор: | |
|---|---|
| Формат: | Книга |
| Мова: | Англійська |
| Опубліковано: |
Londres, Inglaterra :
Thames and Hudson,
2005, c2005
|
| Предмети: | |
| Теги: |
Немає тегів, Будьте першим, хто поставить тег для цього запису!
|
MARC
| LEADER | 00000nam^a2200000^a^4500 | ||
|---|---|---|---|
| 001 | 000184791 | ||
| 005 | 20250521000000.0 | ||
| 009 | 20260310102126.951 | ||
| 020 | |a 0-500-34210-5 | ||
| 037 | |a Acervo ITESO - Biblioteca | ||
| 041 | |a ING | ||
| 082 | |a 720. 47 |b STE | ||
| 100 | |a Steele, James |e (autor) | ||
| 245 | 1 | 0 | |a Ecological Architecture : |b A Critical History / |c J. Steele. |
| 264 | 4 | |a Londres, Inglaterra : |b Thames and Hudson, |c 2005, c2005 | |
| 300 | |a 272 p. | ||
| 336 | |a texto |b txt |2 rdacontenido | ||
| 337 | |a sin mediación |b n |2 rdamedio | ||
| 338 | |a volumen |b nc |2 rdasoporte | ||
| 520 | |a Estudio crítico sobre el desarrollo histórico del enfoque ecológico o ambiental en la arquitectura del siglo XX, cuyo autor pasa revista a los temas recurrentes, 25 casos de autores y/o movimientos representativos y al futuro de la llamada arquitectura ecológica. El encuentro entre la arquitectura del siglo XX y el surgimiento del ecologismo encierra una aparente paradoja, en tanto que varios de los principios centrales de la defensa del medio ambiente han sido puestos en contraste con el desarrollo de la ciencia y la tecnología que caracterizan lo moderno, pero en un mundo cada vez más conciente de los daños ambientales, los visionarios del pasado han sido reivindicados, lo que fue visto como una excentricidad es hoy una exigencia legal y cada arquitecto ha de comprometerse no sólo con un cliente, sino con el entorno ambiental común. | ||
| 649 | |a XX | ||
| 650 | |a Ecodiseño - |x Historia - |y Siglo XX | ||
| 650 | |a Diseño Arquitectónico - |x Historia - |y Siglo XX | ||
| 650 | |a Desarrollo Sustentable | ||
| 650 | |a Conservación y Protección Ambiental | ||
| 650 | |a Arquitectura Moderna - |x Historia y Crítica | ||
| 650 | |a Arte Moderno - |x Historia y Crítica | ||
| 650 | |a Arquitectura - |x Historia y Crítica | ||
| 650 | |a Arquitectura - |y Siglo XX | ||
| 650 | |a Arte - |x Historia y Crítica | ||
| 650 | |a Arte - |y Siglo XX | ||
| 910 | |a Fondo General | ||
| 920 | |a Impresos - Libros | ||
| 930 | |a Reserva Especial | ||
| 905 | |a 103 | ||
| 901 | |a 0500125739 |b IT1 |c REE |u 20250521 | ||
| 902 | |a https://opac.biblio.iteso.mx/vufind/Record/000184791 | ||